| 000 | 00737nam a22002412a 4500 | ||
|---|---|---|---|
| 001 | 21613 | ||
| 003 | UkOxU | ||
| 005 | 20211209000716.0 | ||
| 008 | 140305s1954 enk 001 0deng d | ||
| 035 |
_a(BD-RjUL)21677 _aOCLC ocm03356450 from D960129M |
||
| 040 |
_aDLC _cNRC _dUKM _dEQO _dBD-RjUL _beng |
||
| 041 | _aeng | ||
| 082 |
_a821.53 _bKNL 1954 |
||
| 100 | 1 |
_aKnight, George Wilson, _d1897- _956919 |
|
| 245 | 1 | 0 |
_aLaureate of Peace : _bon the genius of Alexander Pope / _cby G. Wilson Knight. |
| 260 |
_aLondon : _bRoutledge & Paul, _c1954. |
||
| 300 |
_aviii, 187 p. ; _c23 cm |
||
| 504 | _aIncludes index. | ||
| 600 | 1 | 0 |
_aPope, Alexander, _d1688-1744. _955318 |
| 942 |
_2ddc _cBK |
||
| 999 |
_c21613 _d21613 |
||